Animali dell'Australia - Per Immagini - Statistics

Statistiche generali
  • Questo quiz è stato fatto 37 volte
  • Il punteggio medio è 10 su 20
Statistiche sulle risposte
con Immagini Risposta % Corretto
Canguro
100%
Koala
100%
Emu
84%
Ornitorinco
72%
Opossum
63%
Dingo
59%
Varano
59%
Dugongo
56%
Diavolo della Tasmania
47%
Quokka
47%
Tilacino
47%
Cacatua
44%
Vombato
38%
Coccodrillo Marino
34%
Casuario
31%
Wallaby
31%
Echidna
28%
Polpo dagli anelli Blu
28%
Cubo Medusa
19%
kookaburra
9%
Nessun quiz corrispondente trovato
Distribuzione punteggi
Percentuale di utenti per punteggio
Percentile per numero di risposta
I tuoi punteggi nel tempo
Non hai fatto questo quiz